000 00817nam a2200217 i 4500
001 104242
003 ES-MaACL
005 20251010170457.0
007 t|
008 210419s2000 it a 000 0 ita d
100 1 _aÁlvarez, Francisco,
_d1936-2024
_9171346
245 1 0 _aFrancisco Álvarez
_b: [exposición] Messina, 16 maggio 2000, Galleria il Gabbiano /
_cFrancisco Álvarez ; [testi, Maria Froncilo Nicosia, Giuseppe Selvaggi, Lucio Barbera].
246 3 4 _aF. Álvarez
260 _a[Messina] :
_bIl Gabbiano,
_c[2000]
300 _a[34] p. :
_bprincipalmente il. col. ;
_c23 x 24 cm.
600 1 7 _aÁlvarez, Francisco,
_d1936-2024-
_vExposiciones
_2
_9139343
655 7 _2tgfbne
_9193628
_aCatálogos de exposiciones
852 _aES-MaACL
_j2342-F-7
942 _2udc
999 _c104242
_d104242